A történelem is szakma. Miskolczy Ambrus történész, tanszékvezető egyetemi tanár válaszol Biró Béla kérdéseire
Elmentve itt :
| Szerző: | |
|---|---|
| Adatforrás: | Meister |
| Forrásdokumentuma: | A Hét. - 28 sz., 1994, 3-4 p. |
| Nyelv: | magyar |
| Kulcsszavak: | művelődéstörténet-interjú magyar-román kapcsolatok MISKOLCZY Ambrus GASTER Moses MAKKAI László BRATIANU G.I. |
| LEADER | 00591nab a2200181 i 4500 | ||
|---|---|---|---|
| 001 | bibPRO00005634 | ||
| 008 | 060524s1994 xx hun | ||
| 040 | |a Sz1 | ||
| 041 | |a hun | ||
| 100 | 1 | |a BÍRÓ Béla | |
| 245 | 1 | 2 | |a A történelem is szakma. Miskolczy Ambrus történész, tanszékvezető egyetemi tanár válaszol Biró Béla kérdéseire |c BÍRÓ Béla |
| 695 | |a művelődéstörténet-interjú | ||
| 695 | |a magyar-román kapcsolatok | ||
| 695 | |a MISKOLCZY Ambrus | ||
| 695 | |a GASTER Moses | ||
| 695 | |a MAKKAI László | ||
| 695 | |a BRATIANU G.I. | ||
| 773 | 0 | |t A Hét. - |g 28 sz., 1994, 3-4 p. | |